000 00353nam a2200145Ia 4500
008 231129s2011||||xx |||||||||||||| ||spa||
020 _a978-84-494-3972-8
040 _bspa
082 _a(i) 791.3 D392m
100 _aDeneux Xavier
245 0 _aMi circo
260 _c2011
264 _aOcéano
942 _2ddc
_cBKS
999 _c21095
_d21095